MARC

LEADER 00000nam0a2200000 4500
001 368738
005 20231102012119.0
035 |a (RuTPU)RU\TPU\retro\26120 
090 |a 368738 
100 |a 20220419d1980 m y0rusy50 ca 
101 0 |a rus 
102 |a RU 
105 |a a j 001zy 
200 1 |a Металловедение  |e учебное пособие для техникумов  |f М. В. Пикунов, А. И. Десипри 
210 |a Москва  |c Металлургия  |d 1980 
215 |a 256 с.  |c ил. 
320 |a Библиогр.: с. 250-251 
320 |a Имен. указ.: с. 252-254 
606 1 |a Металловедение физическое  |2 stltpush  |3 (RuTPU)RU\TPU\subj\42410  |9 62077 
610 1 |a учебные пособия 
610 1 |a твердые тела 
610 1 |a строение 
610 1 |a свойства 
610 1 |a сплавы 
610 1 |a коррозия 
610 1 |a заготовки 
610 1 |a изделия 
610 1 |a полуфабрикаты 
610 1 |a получение 
610 1 |a железо 
610 1 |a полупроводниковые материалы 
610 1 |a цветные металлы 
675 |a 669.017(075.3)  |v 4 
700 1 |a Пикунов  |b М. В.  |g Михаил Владимирович 
701 1 |a Десипри  |b А. И.  |g Аделаида Ильинична 
801 1 |a RU  |b 63413507  |c 20220419 
942 |c BK